|
|
|
|
| LEADER |
00000nab a2200000 a 4500 |
| 001 |
vtls000420139 |
| 003 |
SK-MaSNL |
| 005 |
20260304203926.0 |
| 008 |
230120c1991 xo 0 slo |
| 015 |
|
|
|a SNBRB19rr/mm-uuuuu
|
| 035 |
|
|
|a CL0420267
|
| 035 |
|
|
|a urn:nbn:sk:snk-ab25hc
|
| 035 |
|
|
|a (urnnbn)urn:nbn:sk:snk:ar-a01ork
|
| 035 |
|
|
|a (uuid)ee2af58d-b711-42bb-8812-c14a7ed6f4fc
|
| 040 |
|
|
|a SNKBUCL
|b slo
|c SNKBUCL
|e AACR2
|
| 041 |
0 |
|
|a slo
|
| 044 |
|
|
|a xo
|c SK
|
| 080 |
|
|
|a 792.5
|2 1981
|
| 100 |
1 |
|
|a Marenčinová, Edita,
|d 1943-
|4 aut
|
| 245 |
1 |
0 |
|a Cigánsky barón v Košiciach po 42 rokoch
|c Dita Marenčinová
|
| 300 |
|
|
|b Fot. 1.
|
| 500 |
|
|
|a Réžia a choreografia Boris Slovák
|
| 600 |
1 |
7 |
|a Strauss, Johann,
|d 1825-1899
|t Cigánsky barón
|2 snkbucl
|9 107957
|
| 610 |
2 |
7 |
|a Štátne divadlo Košice.
|b Opera
|2 snkbucl
|9 125500
|
| 650 |
0 |
7 |
|a operety
|2 snkbucl
|9 3217
|
| 650 |
0 |
7 |
|a divadelné inscenácie
|2 snkbucl
|9 3326
|
| 655 |
|
7 |
|a recenzie
|2 snkbucl
|9 21907
|
| 655 |
|
7 |
|a články zo zborníkov
|2 snkbucl
|9 166140
|
| 773 |
0 |
|
|t Hudobný život 91
|g Roč. 23, č. 10 (1991), s. 6
|
| 850 |
|
|
|a Slovenská národná knižnica v Martine
|a MTA001
|
| 852 |
|
|
|a SNK
|b KIS3GCP
|
| 954 |
|
|
|a odborná, vedecká literatúra pôvodná (slovenská)
|2 lita
|
| 958 |
|
|
|a OND
|
| 958 |
|
|
|a EUIPO
|
| 958 |
|
|
|a article27
|
| 992 |
|
|
|a RZB
|
| 999 |
|
|
|c 3113222
|d 3115152
|